LEADER 01700nam a2200337 4500 001 000000358123 003 CaOOAMICUS 005 20240507164649.0 008 240422s2024 it 000 u ita r 020 $a978-88-922440-0-9 040 $aSeMil$bita 100 1 $aD'Auria, Alberto.$0(OLS)http://semarc/name/119599 245 10$aVivere è cambiare :$bcome realizzare una trasformazione profonda nella tua esistenza /$cAlberto D'Auria, Roberto Fusco ; [con una presentazione di Mario Delpini]. 264 1$aCinisello Balsamo :$bSan Paolo,$c2024. 300 $a184 p. ;$c21 cm 490 1 $aI prismi ;$v108 500 $aLa collana si ricava dal sito dell'editore 541 0 $aOmaggio mons. Mario Delpini 650 4$aVita - Meditazioni.$0(OLS)http://semarc/subject/9649 650 4$aFuturo - Aspetti sociali.$0(OLS)http://semarc/subject/40437 700 1 $aFusco, Roberto,$d<1970- >.$0(OLS)http://semarc/name/119600 700 1 $aDelpini, Mario,$c.$0(OLS)http://semarc/name/90660 830 2$aI prismi ;$v108.$0(OLS)http://semarc/title/448404 850 $aSeMil 852 $aSeMil$W1$xVenegono$y1$m3M II 402$j249935$B249239$CSeMilBibl$Z2$F249239 $81 941 1 $a7 961 $aOmaggio mons. Mario Delpini. ? Con dedica autografa dell?autore (Roberto Fusco) a mons. Mario Delpini, S. Caterina del Sasso 23 marzo 2024 996 $6020$a978-88-922440-0-9$9(OLS)http://semarc/number/300279 996 $6245$aVivere è cambiare :$bcome realizzare una trasformazione profonda nella tua esistenza$9(OLS)http://semarc/title/448403 996 $6264$aCinisello Balsamo :$bSan Paolo$9(OLS)http://semarc/publisher/30129 LEADER 00988nam a2200241 i 4500 001 000000173433 003 CaOOAMICUS 005 20080716000000.0 008 080716s1959 it u000 u ita u 013 $a150886 040 $aSeMil$bita 100 1 $aTaine, Hippolyte Adolphe <1828-1893>.$0(OLS)http://semarc/name/964 240 10$aEssai sur Tite Live.$0(OLS)http://semarc/title/62125 245 10$aSaggio su Tito Livio /$cHippolyte Taine. 260 $aTorino :$bBoringhieri,$c1959. 300 $a303 p. ;$c21 cm. 490 0 $aEnciclopedia di autori classici ;$v27 600 04$aLivio, Tito <59 a.C.-17 d.C.>.$0(OLS)http://semarc/subject/9080 830 0$aEnciclopedia di autori classici ;$v27.$0(OLS)http://semarc/title/7152 850 $aSeMil 852 $aSeMil$W1$xVenegono$y1$m1Z II 199$j124278$B124278$CSeMilBibl$Z2$F135332 $81 996 $6245$aSaggio su Tito Livio$9(OLS)http://semarc/title/248451 996 $6260$aTorino :$bBoringhieri$9(OLS)http://semarc/publisher/30229